Biblioteca ESET

Historias de Abuelas (Registro nro. 1253)

Detalles MARC
000 -CABECERA
fixed length control field 02496nam a22002537a 4500
003 - CONTROL NUMBER IDENTIFIER
control field AR-BeUNQ
005 - FECHA Y HORA DE LA ULTIMA TRANSACCION
control field 20250421160313.0
008 - ELEMENTOS DE LONGITUD FIJA-INFORMACION GENERAL
fixed length control field 250421b |||a|||dri||| 00| 0 spa d
020 ## - NUMERO INTERNACIONAL NORMALIZADO PARA LIBROS
Número Internacional Normalizado del libro 9789871974429
040 ## - FUENTE DE CATALOGACION
Agencia de catalogación original AR-BeUNQ
Idioma de catalogación ESPAÑOL
Agencia que realiza la transcripción AR-BeUNQ
Convenciones de la descripción aacr
082 ## - NUMERO DE CLASIFICACION DECIMAL DEWEYMBER
Número de clasificación A 863
Número de la edición 21
100 10 - ASIENTO PRINCIPAL-NOMBRE PERSONAL
Nombre personal Ávila, Laura...[et al.]
Títulos u otras palabras asociadas al nombre aut.
Fecha asociada al nombre 1974-
245 10 - MENCION DE TITULO
Título Historias de Abuelas
Mención de responsabilidad, etc Laura Ávila
Medio físico libro
250 ## - MENCION DE EDICION
Mención de edición 1a ed.
260 ## - PUBLICACION, DISTRIBUCION, ETC.
Lugar de publicación, distribución, etc. Ciudad Autonoma de Buenos Aires:
Nombre del editor, distribuidor, etc. Amauta Argentina S.R.L,
Fecha de publicación, distribución, etc 2023
300 ## - DESCRIPCION FISICA
Extensión 136 p.;
Otros detalles físicos il. ;
Dimensiones 21 cm.
490 ## - MENCION DE SERIE
Mención de serie Colección Identidades Bonaerenses
500 ## - NOTA GENERAL
Nota general La historia de Abuelas es la edición ampliada y actualizada de La historia de Abuelas. 30 años de búsqueda, 1977-2007, publicado en 2007. Han pasado 15 años de aquel libro que recorría los inicios, cuando batallábamos en soledad contra el régimen cívico-militar, nuestros primeros logros en los años de recuperación de democracia, las desilusiones que atravesamos en la década de 1990 y, finalmente, los vientos de esperanza que llegaron con los avances en el proceso de Memoria Verdad y Justicia.<br/><br/>Pero desde entonces hasta la actualidad ha pasado mucha agua bajo el puente. Este nuevo volumen retrata la etapa de mayor conocimiento de nuestra lucha, en la que se institucionalizaron políticas públicas para la búsqueda, que se tradujeron en el encuentro de más nietas y nietos, entre ellos el mío. Han sido años en los que nuestro reclamo y cada restitución fueron abrazadas por millones de personas, en la Argentina y en el extranjero.<br/><br/>(...) Cuando miramos hacia atrás, lo primero que vemos son los 130 casos que pudimos resolver, los nietos y nietas que pudimos abrazar. Pero también vemos, y la sociedad nos señala, los avances en la genética forense; la formulación del índice de abuelidad; la promoción del derecho a la identidad y los cambios en las leyes de adopción para velar por este derecho para las nuevas generaciones. Sin embargo, queda mucha tarea por hacer. Aún resta encontrar a cerca de 300 nietos apropiados en dictadura y muchos otros hombres y mujeres que hoy se encuentran con la misma problemática. Por eso, libros como este intentan convertirse en una herramienta de búsqueda para mantener viva esta lucha.
650 ## - ASIENTO SECUNDARIO DE MATERIA - TERMINO TEMATICO
Término temático o nombre geográfico como elemento de entrada Narrativa, memoria social
Fuente del encabezamiento o términ tell
651 ## - ASIENTO SECUNDARIO DE MATERIA - NOMBRE GEOGRAFICO
Nombre geográfico Argentina
Fuente del encabezamiento o término unescot
700 02 - ASIENTO SECUNDARIO - NOMBRE DE PERSONA
Personal name Riva, Andy
Dates associated with a name 1980-
Fuller form of name ilust.
929 ## - DATOS DE ADQUISICION
Procedencia DONACION
Proveedor Ministerio de l Provincia de Buenos Aires
Orden de compra 0
Precio 0
Fecha de recibido 05/11/2024
Patrimonio UNQ PAT0082653
Número de inventario 62917
942 ## - ELEMENTOS DE PUNTO DE ACCESO ADICIONAL (KOHA)
Tipo de ítem Koha Libros
Existencias
Estado de retiro Estado de pérdida Ubicación permanente Ubicación actual Ubicación en estantería Fecha de ingreso Total Checkouts Signatura topográfica completa Inventario Date last seen Tipo de ítem Koha Operador
    Biblioteca ESET - UNQ Biblioteca ESET - UNQ CIRCULACION 21/04/2025   A 863 AVI 62917 21/04/2025 Libros PK

ESET UNQ

☏ 4365-7188
 Avenida República de Francia 1714 entre Doctor Kenny y Concordia, Ezpeleta, Bs As.
✉ secretaria_eset@unq.edu.ar

Con tecnología Koha